Základy manažmentu /

Uložené v:
Podrobná bibliografia
Hlavní autori: Mižičková, Ľudmila, 1944- (Author), Šimo, Dušan, 1940- (Author), Ubrežiová, Iveta (Author)
Médium: Kniha
Jazyk:Slovak
Vydané: Nitra : Slovenská poľnohospodárska univerzita, 2005
Vydanie:2. nezmen. vyd.
Témy:
ISBN: 808069608X (brož.)
Fyzický popis: 95 s. : tab. ; 30 cm
Tagy: Pridať tag
Žiadne tagy, Buďte prvý kto otaguje tento záznam!

MARC

LEADER 00000nam a2200000 a 4500
001 000020249
005 20060515085212.0
008 060302s2005 xo a e b 000 0 sloo
020 |a 808069608X (brož.) 
040 |a SVKKK  |b slo  |c SVKKK  |e AACR2 
041 0 |a slo 
044 |a xo  |c SK 
072 7 |a 005  |x Manažment. Riadenie  |2 konspekt 
072 7 |a 37.016  |x Učebné osnovy. Vyučovacie predmety. Učebnice  |2 konspekt 
080 |a 005  |2 1997 
080 |a (075.8)  |2 1997 
100 1 |a Mižičková, Ľudmila,  |d 1944-  |4 aut 
245 1 0 |a Základy manažmentu /  |c Ľ. Mižičková, D. Šimo, I. Ubrežiová 
250 |a 2. nezmen. vyd. 
260 |a Nitra :  |b Slovenská poľnohospodárska univerzita,  |c 2005 
300 |a 95 s. :  |b tab. ;  |c 30 cm 
366 |e 400 výtl. 
504 |a Bibliografia s. [96] 
521 |a Určené pre študentov SPU 
650 0 7 |a manažment  |2 SVKKKPH 
655 7 |a učebnice vysokých škôl  |2 SVKKKPH 
700 1 |a Šimo, Dušan,  |d 1940-  |4 aut 
700 1 |a Ubrežiová, Iveta  |4 aut 
919 |a 80-8069-608-X 
998 |a BK 
090 |g SCKHL  |k Sklad Hlavná 10 prízemie  |a V.214829  |j 976847  |i 2720065366  |s Absenčne 
090 |g SCKHL  |k Sklad Hlavná 10 prízemie  |a V.214830  |j 976848  |i 2720065367  |4 Strata  |s Vyradená